| 000 | 01007nam a2200253Ia 4500 | ||
|---|---|---|---|
| 999 |
_c42347 _d42347 |
||
| 003 | GCL | ||
| 005 | 20240530103753.0 | ||
| 008 | 140319s1993 ua ab f b 001 0 ara d | ||
| 017 |
_a93/4874 _bمصر. دار الكتب |
||
| 020 | _a9775040159 | ||
| 040 |
_aGCL / _cGCL |
||
| 082 | 0 | 4 |
_a953.073/ _bق/ص ع _221 |
| 100 | 0 | _aصبحى عبدالمنعم محمد | |
| 245 | 1 | 2 |
_aالعلاقات بين مصر والحجاز زمن الفاطميين والايوبيين / _cصبحى عبدالمنعم محمد |
| 260 |
_aالقاهرة : _bالعربى للنشر والتوزيع ، _c1993. |
||
| 300 |
_a488 ص. : _bايض ؛ _c24 سم. |
||
| 504 | _aيشتمل على ارجاعات ببليوجرافية | ||
| 650 | 0 | 7 |
_2qrmak _aالتاريخ الاسلامى |
| 650 | 0 | 7 |
_2qrmak _aالدولة الايوبية _xتاريخ |
| 650 | 0 | 7 |
_2qrmak _aالدولة الفاطمية _xتاريخ |
| 651 | 0 | 7 |
_2qrmak _aمصر _xتاريخ |
| 651 | 0 | 7 |
_2qrmak _aالحجاز _xتاريخ |
| 942 |
_2ddc _cBK |
||